000 00599nam a2200205Ia 4500
005 20250507130339.0
008 008 250505s9999 xx 000 0 eng d
020 _a0-8047-5158-2
037 _aAnnuals, Advances
040 _aEASL
_beng
_cEASL
041 _aeng
_2eng
084 _aO42:g, 111P7
_qEASL
100 _aBialock David T. Au.
_9665149
245 0 _aEccentric spaces,Hidden histories
260 _aUSA
_bStanford Stanford University press
_c2007
300 _axiv,465p.
490 _vV.9,2
942 _cTEXL
_hO42:g, 111P7
999 _c1319144
_d1319144